| 000 | 01212nam a22002897a 4500 | ||
|---|---|---|---|
| 008 | 250428e20250425xxk|||||o|||| 00| 0 eng d | ||
| 041 | _aeng | ||
| 110 | _aRoyal Institution of Chartered Surveyors | ||
| 245 |
_aFire safety: _ba guide for landlords - rented and shared accomodation _h[Electronic resource] |
||
| 260 |
_aLondon, _bRoyal Institution of Chartered Surveyors, _cApril 2025 |
||
| 300 | _a15p. | ||
| 490 | _aRICS Consumer Guide | ||
| 520 | _aAn overview of fire safety requirements for landlords in England | ||
| 650 | _aFIRE RISK ASSESSMENTS | ||
| 650 | _aFIRE SAFETY ACT 2022 | ||
| 650 | _aFIRE SAFETY | ||
| 650 | _aLANDLORD AND TENANT | ||
| 650 | _aREGULATORY REFORM (FIRE SAFETY) ORDER 2005 | ||
| 650 | _aRESIDENTIAL PROPERTY | ||
| 650 | _aRESPONSIBLE PERSONS | ||
| 651 | _aUnited Kingdom | ||
| 690 |
_aHealth and safety _96244 |
||
| 710 | _aRoyal Institution of Chartered Surveyors | ||
| 856 |
_uhttps://www.rics.org/content/dam/ricsglobal/documents/to-be-sorted/Fire-safety-for-landlords-rented-and-shared-accommodation.pdf _zpdf guide here |
||
| 856 |
_uhttps://www.rics.org/consumer-guides/fire-safety-landlords-rented-shared-accommodation _zweb version here |
||
| 942 | _n0 | ||
| 999 |
_c122145 _d122145 |
||